000 00505nam a2200145Ia 4500
008 220214s9999 xx 000 0 und d
022 _a0367-7281
245 0 _aIndian Coconut Journal
260 _bCoconut Development Board, Cochin
_aIndia
310 _aM
500 _aEnding Volume & Year: 20, 1989
500 _aMissing Volume: 6;7;8(9-10);9(11);10(3);11(2,4);12(4,12);14(1,4,7,9,11);15(8);17(9)-11);18(4-7,11-12);19(3,6-12);20(1-7,9-12)
500 _aStarting Volume & Year: 4, 1950/51
942 _cBJ
999 _c7576
_d7576